000 00785nam a2200205 a 4500
001 000370538
003 AM-YeHGA
005 20250618072255.0
008 041018s1910 ai 000 | arm d
040 _aAM-YeHGA
041 1 _aarm
_heng
100 1 _aՍէտօն-Տօմպսօն, Էրնստ
245 1 0 _aԿախականջիկը /
_cԷ. Սէտօն-Տօմպսօն; Թարգմ.՝ Ստ. Լիսիցեան.
260 _aԹիֆլիս :
_bտպ. Ն. Աղանեանցի,
_c1910.
300 _a32 էջ :
_bնկ. ;
_c20 սմ.
440 0 _a"Հասկեր" ամսագրի հրատ.
_v16
650 1 4 _aԱմերիկյան մանկական գրականություն
_xՀեքիաթ
700 1 _aԼիսիցյան, Ստեփան Դանիելի,
_d1865-1947
_eթարգմ.
_4trl
_91382
090 _c142985
999 _c141605
_d141605